500 bài toán trắc nghiệm tiểu học 5
v.v...
Đã lưu trong:
| Tác giả chính: | |
|---|---|
| Định dạng: | Sách |
| Năm xuất bản: |
H.
Đại học sư phạm
2005
|
| Chủ đề: | |
| Tags: |
Thêm thẻ
Không có thẻ, Hãy là người đầu tiên gắn thẻ bản ghi này!
|
| LEADER | 02909nam a2200349 4500 | ||
|---|---|---|---|
| 999 | |c 11242 |d 11242 | ||
| 082 | |a 372.7 |b PH104Đ | ||
| 100 | |a Phạm Đình Thực | ||
| 245 | |a 500 bài toán trắc nghiệm tiểu học 5 |c Phạm Đình Thực | ||
| 260 | |a H. |b Đại học sư phạm |c 2005 | ||
| 300 | |a 102 tr. |c 24 cm. | ||
| 520 | |a v.v... | ||
| 653 | |a Giáo dục tiểu học | ||
| 653 | |a Toán học | ||
| 653 | |a Bài tập | ||
| 653 | |a Lớp 5 | ||
| 942 | |2 ddc |c STK0 | ||
| 952 | |0 0 |1 0 |2 ddc |4 0 |6 372_700000000000000_PH104Đ |7 0 |8 300 |9 96556 |a qbu |b qbu |c D2 |d 2015-10-01 |g 12000 |o 372.7 PH104Đ |p 10742.c1 |r 0000-00-00 |w 2015-10-01 |y STK0 | ||
| 952 | |0 0 |1 0 |2 ddc |4 0 |6 372_700000000000000_PH104Đ |7 0 |8 300 |9 96557 |a qbu |b qbu |c D2 |d 2015-10-01 |g 12000 |o 372.7 PH104Đ |p 10742.c2 |r 0000-00-00 |w 2015-10-01 |y STK0 | ||
| 952 | |0 0 |1 0 |2 ddc |4 0 |6 372_700000000000000_PH104Đ |7 0 |8 300 |9 96558 |a qbu |b qbu |c D2 |d 2015-10-01 |g 12000 |o 372.7 PH104Đ |p 10742.c3 |r 0000-00-00 |w 2015-10-01 |y STK0 | ||
| 952 | |0 0 |1 0 |2 ddc |4 0 |6 372_700000000000000_PH104Đ |7 0 |8 300 |9 96559 |a qbu |b qbu |c D2 |d 2015-10-01 |g 12000 |o 372.7 PH104Đ |p 10742.c4 |r 0000-00-00 |w 2015-10-01 |y STK0 | ||
| 952 | |0 0 |1 0 |2 ddc |4 0 |6 372_700000000000000_PH104Đ |7 0 |8 300 |9 96560 |a qbu |b qbu |c D2 |d 2015-10-01 |g 12000 |o 372.7 PH104Đ |p 10742.c5 |r 0000-00-00 |w 2015-10-01 |y STK0 | ||
| 952 | |0 0 |1 0 |2 ddc |4 0 |6 372_700000000000000_PH104Đ |7 0 |8 300 |9 96561 |a qbu |b qbu |c D2 |d 2015-10-01 |g 12000 |o 372.7 PH104Đ |p 10742.c6 |r 0000-00-00 |w 2015-10-01 |y STK0 | ||
| 952 | |0 0 |1 0 |2 ddc |4 0 |6 372_700000000000000_PH104Đ |7 0 |8 300 |9 96562 |a qbu |b qbu |c D2 |d 2015-10-01 |g 12000 |o 372.7 PH104Đ |p 10742.c7 |r 0000-00-00 |w 2015-10-01 |y STK0 | ||
| 952 | |0 0 |1 0 |2 ddc |4 0 |6 372_700000000000000_PH104Đ |7 0 |8 300 |9 96563 |a qbu |b qbu |c D2 |d 2015-10-01 |g 12000 |l 1 |o 372.7 PH104Đ |p 10742.c8 |r 2018-01-19 |s 2018-01-17 |w 2015-10-01 |y STK0 | ||
| 952 | |0 0 |1 0 |2 ddc |4 0 |6 372_700000000000000_PH104Đ |7 0 |8 300 |9 96564 |a qbu |b qbu |c D2 |d 2015-10-01 |g 12000 |o 372.7 PH104Đ |p 10742.c9 |r 0000-00-00 |w 2015-10-01 |y STK0 | ||
| 952 | |0 0 |1 0 |2 ddc |4 0 |6 372_700000000000000_PH104Đ |7 0 |8 300 |9 96565 |a qbu |b qbu |c D2 |d 2015-10-01 |g 12000 |o 372.7 PH104Đ |p 10742.c10 |r 0000-00-00 |w 2015-10-01 |y STK0 | ||
| 952 | |0 0 |1 0 |2 ddc |4 0 |6 372_700000000000000_PH104Đ |7 0 |8 300 |9 96566 |a qbu |b qbu |c D2 |d 2015-10-01 |g 12000 |o 372.7 PH104Đ |p 10742.c11 |r 0000-00-00 |w 2015-10-01 |y STK0 | ||
| 952 | |0 0 |1 0 |2 ddc |4 0 |6 372_700000000000000_PH104Đ |7 0 |8 300 |9 96567 |a qbu |b qbu |c D2 |d 2015-10-01 |g 12000 |o 372.7 PH104Đ |p 10742.c12 |r 0000-00-00 |w 2015-10-01 |y STK0 | ||
| 952 | |0 0 |1 0 |2 ddc |4 0 |6 372_700000000000000_PH104Đ |7 0 |8 300 |9 96568 |a qbu |b qbu |c D2 |d 2015-10-01 |g 12000 |o 372.7 PH104Đ |p 10742.c13 |r 0000-00-00 |w 2015-10-01 |y STK0 | ||
| 952 | |0 0 |1 0 |2 ddc |4 0 |6 372_700000000000000_PH104Đ |7 0 |8 300 |9 96569 |a qbu |b qbu |c D2 |d 2015-10-01 |g 12000 |l 1 |o 372.7 PH104Đ |p 10742.c14 |r 2018-01-04 |s 2017-12-22 |w 2015-10-01 |y STK0 | ||
| 952 | |0 0 |1 0 |2 ddc |4 0 |6 372_700000000000000_PH104Đ |7 0 |8 300 |9 96570 |a qbu |b qbu |c D2 |d 2015-10-01 |g 12000 |o 372.7 PH104Đ |p 10742.c15 |r 0000-00-00 |w 2015-10-01 |y STK0 | ||